[Event "Hessen-ch U14/U18 Girls"]
[Site "Bad Homburg"]
[Date "2014.04.17"]
[Round "5"]
[White "Chrapko, Sonja"]
[Black "Reinecke, Katharina"]
[Result "0-1"]
[WhiteElo "1227"]
[BlackElo "1599"]
[PlyCount "72"]
[EventDate "2014.04.??"]
[EventType "swiss"]
[EventRounds "7"]
[EventCountry "GER"]
[SourceTitle "EXT 2022"]
[Source "ChessBase"]
[SourceDate "2021.10.06"]
[SourceVersion "1"]
[SourceVersionDate "2021.10.06"]
[SourceQuality "1"]

1. e4 c6 2. d4 d5 3. Nc3 dxe4 4. Nxe4 Bf5 5. Ng3 Bg6 6. Nf3 Nd7 7. Bf4 Ngf6 8. Bc4 e6 9. 0-0 Be7 10. Re1 0-0 11. c3 Nd5 12. Bxd5 cxd5 13. Ne5 Nxe5 14. dxe5 Qa5 15. Ne2 Rfc8 16. Nd4 b5 17. a3 Qb6 18. Rc1 a5 19. b4 axb4 20. axb4 Ra3 21. Re3 Rc4 22. Qd2 Ra8 23. Ne2 Rac8 24. Kf1 Qc7 25. g3 Qb7 26. f3 h6 27. h4 Bh7 28. g4 Bxh4 29. Bg3 Bg5 30. Bf4 Bxf4 31. Nxf4 Rxf4 32. Kf2 Rfc4 33. Ree1 Qc7 34. Qe3 d4 35. cxd4 Rxc1 36. Rxc1 Qxc1 0-1

[Event "Hessen-ch U14/U18 Girls"]
[Site "Bad Homburg"]
[Date "2014.04.15"]
[Round "2"]
[White "Torgashov, Katerina"]
[Black "Chrapko, Sonja"]
[Result "1-0"]
[WhiteElo "1695"]
[BlackElo "1227"]
[PlyCount "85"]
[EventDate "2014.04.??"]
[EventType "swiss"]
[EventRounds "7"]
[EventCountry "GER"]
[SourceTitle "EXT 2022"]
[Source "ChessBase"]
[SourceDate "2021.10.06"]
[SourceVersion "1"]
[SourceVersionDate "2021.10.06"]
[SourceQuality "1"]

1. e4 e6 2. d4 d5 3. Nc3 Nc6 4. Nf3 b6 5. Bd3 Nge7 6. 0-0 dxe4 7. Bxe4 Nd5 8. Bxd5 exd5 9. Re1+ Be7 10. Ne5 Bb7 11. Nxc6 Bxc6 12. Qe2 Qd7 13. Bf4 Kd8 14. Qe5 Bf6 15. Qe3 Kc8 16. Bg5 Qf5 17. Bxf6 Qxf6 18. Qe5 Qxe5 19. Rxe5 Rd8 20. Rae1 Kb7 21. Re7 Be8 22. R1e5 Kc6 23. Kf1 Kd6 24. Nxd5 Rac8 25. Nb4 c6 26. c3 a5 27. Nd3 c5 28. b3 cxd4 29. cxd4 Bb5 30. Rxb5 Kxe7 31. d5 Rc2 32. Ne5 Kf6 33. Nc6 Rd6 34. Rxb6 Rxa2 35. Ra6 Rb2 36. Rxa5 Rxb3 37. Ke2 Rb4 38. Nxb4 Ke5 39. Ke3 g5 40. Nd3+ Kf5 41. Kd4 h5 42. h3 Rd7 43. Ra7 1-0